1635 1668 1861 1415 1684 1996 1047 1138 1898 1874 1225 1437 1300 1466 1225 1965 1649 1582 1638 1875 1402 1374 1188 1007 1085 1913 1490 1895 1699 1852 1795 1784 1449 1954 1362 1408 1698 1215 1294 1972 1104 1690 1234 1383 1946 1858 1051 1183 1007 1586 1966 1134 1776 1550 1572 1449 1406 1270 1724 1574 1889 1409 1072 1440 1730 1449 1021 1359 1933 1868 1430 1180 1455 1478 1104 1848 1484 1934 1849 1637 1400 1274 1669 1219 1543 1105 1402 1810 1737 1036 1340 1834 1140 1381 1140 1567 1102 1963 1475 BCNSPRNW ULIB Ver.6.0+V

เปลี่ยนเป็นภาษาไทย

Change to English
 แสดงรายละเอียดบรรณานุกรม
  กลับหน้าหลัก

Brief Record : Get Marc (ISO 2709) : E-mail record : QR code < ปิดหน้าต่าง
LEADER : 00000nam 2200000uu 4500
001    13399107903
003     ULIB
008    110209s2548||||th 000 0 tha d
020    9741103867
020    9789741103867
060 04 WP100^bน263 2548
245 00 นรีเวชวิทยา =^bGynecology /^cบรรณาธิการ, สมบูรณ์ คุณาธิคม... [และคนอื่นๆ]
246 31 Gynecology
250    พิมพ์ครั้งที่ 1
260    กรุงเทพฯ :^bภาควิชาสูติศาสตร์-นรีเวชวิทยาคณะแพทยศาสตร์ศิริราชพยาบาล มหาวิทยาลัยมหิดล,^c2548
300    464 หน้า :^bภาพประกอบ ;^c30 ซม.
650  7 นรีเวชวิทยา
700 0  สมบูรณ์ คุณาธิคม,^eบรรณาธิการ
945    ^p300^l0^i019704
945    ^p300^l0^i019703
945    ^p300^l0^i018847
995    ทศพร
999 ^a ใช้งานได้ทุกระบบ
รายการนี้ยังไม่มีแท็ก
คุณยังไม่ได้ล็อกอิน คุณสามารถมีกิจกรรมร่วมกับเว็บไซต์ได้ แต่ต้องล็อกอินก่อน ::
  ล็อกอิน

รายการสื่อสารสนเทศ

ลำดับที่ ประเภท เลขเรียก/บาร์โค้ด สถานที่ สถานะ
- ไม่พบข้อมูล -

รายการใกล้เคียง
    หัวเรื่อง [นรีเวชวิทยา]

BibComment


ยังไม่เคยถูกคอมเมนท์

คอมเมนท์ทรัพยากรรายการนี้
  คอมเมนท์: นรีเวชวิทยา Gyne..


 Copyright 2026. Bcnsprnw @Library